[Event "GER-chT U20 Girls"]
[Site "Osnabrueck"]
[Date "2018.12.29"]
[Round "5.1"]
[White "La, Quynh Trang"]
[Black "Kohl, Natalie"]
[Result "0-1"]
[WhiteElo "1583"]
[BlackElo "1474"]
[PlyCount "104"]
[EventDate "2018.12.27"]
[EventType "team-swiss"]
[EventRounds "7"]
[EventCountry "GER"]
[SourceTitle "CBM 188 Extra"]
[Source "ChessBase"]
[SourceDate "2019.02.26"]
[SourceVersion "1"]
[SourceVersionDate "2019.02.26"]
[SourceQuality "1"]
[WhiteTeam "Trier SG"]
[BlackTeam "Meuselwitz"]
[WhiteTeamCountry "GER"]
[BlackTeamCountry "GER"]

1. Nf3 Nf6 2. d4 e6 3. g3 b6 4. Bg2 Bb7 5. b3 Bb4+ 6. Bd2 Bxd2+ 7. Nbxd2 c5 8. dxc5 bxc5 9. c4 0-0 10. 0-0 d6 11. Qc2 Nc6 12. Rad1 Qe7 13. Rfe1 Rfd8 14. e4 Rac8 15. a3 Qc7 16. Nb1 Na5 17. Nc3 a6 18. Rd2 Qb6 19. Rb1 Rb8 20. Ne1 Bc6 21. Qd1 Ne8 22. Rbb2 Qc7 23. Qe2 Qd7 24. Nd3 Nb7 25. Nf4 Nf6 26. Rd1 Qe8 27. Nh5 Nxh5 28. Qxh5 Na5 29. Rdb1 Qe7 30. Qe2 Qd7 31. Qd2 Qb7 32. Qc2 d5 33. exd5 exd5 34. cxd5 Be8 35. d6 Qa7 36. Qd1 f6 37. Bd5+ Kh8 38. Be6 Bg6 39. Rc1 c4 40. Qd2 Nxb3 41. Rxb3 cxb3 42. Na4 Be8 43. Rc7 Rb7 44. Rxb7 Qxb7 45. Nc5 b2 46. Nxb7 b1Q+ 47. Kg2 Qxb7+ 48. Kg1 Qc6 49. Bb3 Rxd6 50. Qe2 Qc1+ 51. Kg2 Bc6+ 52. Kh3 Qh6+ 0-1

[Event "GER-chT U20 Girls"]
[Site "Osnabrueck"]
[Date "2018.12.28"]
[Round "4.1"]
[White "Simon, Tessa"]
[Black "La, Quynh Trang"]
[Result "1-0"]
[WhiteElo "1929"]
[BlackElo "1583"]
[PlyCount "59"]
[EventDate "2018.12.27"]
[EventType "team-swiss"]
[EventRounds "7"]
[EventCountry "GER"]
[SourceTitle "CBM 188 Extra"]
[Source "ChessBase"]
[SourceDate "2019.02.26"]
[SourceVersion "1"]
[SourceVersionDate "2019.02.26"]
[SourceQuality "1"]
[WhiteTeam "Muldental Wilkau Hasslau"]
[BlackTeam "Trier SG"]
[WhiteTeamCountry "GER"]
[BlackTeamCountry "GER"]

1. e4 e6 2. d4 d5 3. Nc3 dxe4 4. Nxe4 Nd7 5. Bd3 Ngf6 6. Qe2 Be7 7. Nxf6+ Nxf6 8. Nf3 0-0 9. Bg5 b6 10. Bxf6 Bxf6 11. Qe4 g6 12. Qxa8 Bxd4 13. Nxd4 Qxd4 14. 0-0-0 Qxf2 15. Qe4 Qc5 16. Rde1 Qe7 17. h4 h5 18. g4 c5 19. Qf4 Bb7 20. Rh2 Kh8 21. Qh6+ Kg8 22. gxh5 f5 23. Qxg6+ Qg7 24. Qxe6+ Kh8 25. h6 Qf7 26. Qe5+ Qf6 27. Qxf6+ Rxf6 28. Re8+ Kh7 29. Re7+ Kxh6 30. Rxb7 1-0